Largest and Smallest Countries by Number of Letters - Statistics

General Stats
  • This quiz has been taken 388 times
  • The average score is 16 of 33
Answer Stats
# Country % Correct
6 Russia
90%
5 China
87%
12 United States
84%
11 Vatican City
72%
28 D.R. Congo
62%
13 Liechtenstein
60%
6 Monaco
60%
13 United Kingdom
60%
9 Australia
59%
4 Fiji
58%
5 Nauru
53%
18 Rep. of Congo
53%
4 Iran
51%
10 Kazakhstan
51%
9 San Marino
51%
18 St. Kitts & Nevis
51%
28 St. Vincent & the Grenadines
51%
27 Fed. States Micronesia
46%
17 Antigua & Barbuda
44%
15 Marshall Islands
41%
7 Algeria
40%
10 Saint Lucia
38%
11 South Africa
38%
17 Dominican Republic
37%
14 Solomon Islands
37%
8 Mongolia
36%
22 Central African Republic
33%
14 Papua New Guinea
29%
7 Grenada
28%
20 Bosnia & Herzegovina
25%
8 Barbados
23%
16 Equatorial Guinea
18%
12 Guinea-Bissau
10%
No matching quizzes found
Score Distribution
Percent of People with Each Score
Percentile by Number Answered
Your Score History
You have not taken this quiz